Central Library OPAC University of Rajshahi

Effect of Plant Growth Regulators and Micro-Nutrients on Yield, Quality Seed Production and Storage of potato in Tista Floodplain Soils of Bangladesh / (Record no. 82057)

MARC details
000 -LEADER
fixed length control field 01135nam a2200253 a 4500
001 - CONTROL NUMBER
RUCL Control Number 82057
003 - CONTROL NUMBER IDENTIFIER
rucl marc code BD-RjUL
005 - DATE AND TIME OF LATEST TRANSACTION
control field 20231122105315.0
008 - FIXED-LENGTH DATA ELEMENTS--GENERAL INFORMATION
fixed length control field 231008s2013 bg a|||| m||| 00| 0 eng d
035 ## - SYSTEM CONTROL NUMBER
system control number (BD-RjUL)82057
040 ## - CATALOGING SOURCE
Original cataloging agency BD-RjUL
Language of cataloging eng
Transcribing agency BD-RjUL
Modifying agency BD-RjUL
041 ## - LANGUAGE CODE
Language code of Book eng
082 ## - DEWEY DECIMAL CLASSIFICATION NUMBER
DDC Edition number 23
Classification number 641.3521
Author mark and Year MOE 2013
100 ## - MAIN ENTRY--PERSONAL NAME
Personal name Mondal, Md. Azmal Hossain
9 (RLIN) 9390
245 10 - TITLE STATEMENT
Title Effect of Plant Growth Regulators and Micro-Nutrients on Yield, Quality Seed Production and Storage of potato in Tista Floodplain Soils of Bangladesh /
Statement of responsibility, etc By Md. Azmal Hossain Mondal ;
Name of Supervisor/Co-Supervisor Supervisor : Md. Hasan Tarique, Co-Supervisor : Md. Kawser Ali
260 ## - PUBLICATION, DISTRIBUTION, ETC. (IMPRINT)
Place of publication, distribution, etc Rajshahi :
Name of publisher, distributor, etc Department of Agronomy and Agricultural Extension, University of Rajahshi,
Date of publication, distribution, etc 2013.
300 ## - PHYSICAL DESCRIPTION
Pagination xxvi, 269 Leaves :
Other physical details ill, ;
Dimensions 29 cm.
502 ## - DISSERTATION NOTE
Dissertation note Thesis (Ph. D.) -- Department of Agronomy and Agricultural Extension, University of Rajahshi, 2013
504 ## - BIBLIOGRAPHY, ETC. NOTE
Bibliography, etc References : Leaves 232-254
650 ## - SUBJECT ADDED ENTRY--TOPICAL TERM
Topical term or geographic name as entry element Potato
Form subdivision Food and Drink
General subdivision Plant Crops
9 (RLIN) 9391
700 ## - ADDED ENTRY--SUPERVISOR/CO-SUPERVISOR NAME
Personal name Tarique, Md. Hasan, Supervisor :
9 (RLIN) 1882
Personal name Ali, Md. Kawser, Co-Supervisor
9 (RLIN) 4966
942 ## - ADDED ENTRY ELEMENTS (KOHA)
Source of classification or shelving scheme Dewey Decimal Classification
Koha item type Theses
Holdings
Source of classification or shelving scheme Damaged status Not for loan Collection code Permanent Location Current Location Shelving location Date of accession Source of acquisition Total Checkouts Full call number Barcode Date last seen Copy number Thesis
Dewey Decimal Classification   Not For Loan Theses Central Library, University of Rajshahi Central Library, University of Rajshahi Documentation Section 18/12/2014 Controller of Exam. R. U.   THE 641.3521 MOE 2013 D3729 08/10/2023 C-1 Theses